Statistics for English Idioms Quiz #1

Click here to take the quiz!

General Stats

  • This quiz has been taken 86,669 times
    (86,621 since last reset)
  • The average score is 23 of 30

Answer Stats

Idiom % Correct
Once in a blue {moon}
98%
Last, but not {least}
96%
Back to square {one}
95%
Barking up the wrong {tree}
93%
Saved by the {bell}
93%
Beating around the {bush}
90%
Wild {goose} chase
90%
Pass with flying {colors}
90%
When it rains, it {pours}
89%
From rags to {riches}
89%
All bark and no {bite}
88%
Put one's best {foot} forward
87%
Turn over a new {leaf}
87%
Back to the {drawing} board
86%
A {sight} for sore eyes
85%
Any way, shape, or {form}
84%
Through gritted {teeth}
83%
Chip on one's {shoulder}
82%
Off the beaten {path}
81%
The whole nine {yards}
81%
Between a rock and a {hard} {place}
78%
Beat a dead {horse}
72%
'Til the {cows} come home
70%
Close but no {cigar}
69%
Path of least {resistance}
60%
Burn the candle at {both} {ends}
58%
The strong, {silent} type
55%
{Bats} in the belfry
38%
Get down to brass {tacks}
37%
Living high on the {hog}
26%

Score Distribution

Percentile by Number Answered

Percent of People with Each Score

Your Score History

You have not taken this quiz since the last reset